| 000 | 01412cab a2200313 4500 | ||
|---|---|---|---|
| 001 | ABS50878 | ||
| 008 | 090401t xxu||||| |||| 00| 0 eng d | ||
| 035 | _a(Sirsi) u87974 | ||
| 041 | _aeng | ||
| 100 | _aForrest, R. | ||
| 245 | 4 | _aThe dynamics of the owner-occupied housing market in South ern England in the late 1980s :A study of new building and vacancy chains | |
| 350 | _a0 | ||
| 490 |
_aRegional Studies _v28(3) 275-289(15) |
||
| 520 | _aExamines direct and indirect effects of new residential construction on patterns of housing opportunity and mobility. Draws on the empirical evidence from a major study of housing turnover, exploring the particular features of the housing market in Southern England. Offers an assessment of the findings in the context of the current climate of recession and argues that the underlying dualism in the market remains. Considers key aspects of the operation of the housing market, looking at implications and relevance of findings to conditions. | ||
| 650 | _aHOME OWNERSHIP | ||
| 650 | _aHOUSEHOLDS | ||
| 650 | _aHOUSING MARKET | ||
| 650 | _aMOBILITY | ||
| 650 | _aNEW BUILDING | ||
| 650 | _aNHBC | ||
| 650 | _aRECESSION | ||
| 650 | _aRESEARCH | ||
| 650 | _aSOUTHERN ENGLAND | ||
| 690 | _aHOUSING-DEVELOPMENT | ||
| 690 | _aPROPERTY-RESIDENTIAL PROPERTY-RESIDENTIAL PROPERTY MARKET | ||
| 700 | _aMurie, A. | ||
| 942 | _n0 | ||
| 948 | _c04/03/1997 | ||
| 999 |
_c55532 _d55532 |
||